00314 a2200109 450000100060000008200110000610000220001724500920003926000410013130000100017250000220018288440 aPR 655 aTirth Man Gubhaju aDetermination of thermal conductivity of given sample by thermal conductivity apparatus aKarachibUniversity of Karachic1971 a75 p. aBE Poject Reports